Structure immanente de la langue francaise

में बचाया:
ग्रंथसूची विवरण
मुख्य लेखक: Knud Togeby
स्वरूप: पुस्तक
भाषा:Undetermined
प्रकाशित: Paris Larousse 1965
विषय:
टैग : टैग जोड़ें
कोई टैग नहीं, इस रिकॉर्ड को टैग करने वाले पहले व्यक्ति बनें!
Thư viện lưu trữ: Trung tâm Học liệu Trường Đại học Cần Thơ
LEADER 00448nam a2200169Ia 4500
001 CTU_938
008 210402s9999 xx 000 0 und d
082 |a 445 
082 |b T645 
100 |a Knud Togeby 
245 0 |a Structure immanente de la langue francaise 
245 0 |c Knud Togeby 
260 |a Paris 
260 |b Larousse 
260 |c 1965 
650 |a french language - grammar 
980 |a Trung tâm Học liệu Trường Đại học Cần Thơ